| 000 | 00767nas a2200253 4500 | ||
|---|---|---|---|
| 001 | BR0001668 | ||
| 003 | BR-BrBNA | ||
| 005 | 20231205101812.0 | ||
| 007 | ta | ||
| 008 | 230509b bl.|||p| |||| 00| 00por d | ||
| 040 |
_aBR-BrBNA _bpor _cBiblioteca Nacional de Agricultura |
||
| 041 | _a(Pt) | ||
| 072 | _aF08 | ||
| 100 | 1 | _aDedecek, R.A. | |
| 100 | 1 | _aRodigheri, H.R. | |
| 245 | 1 | _aSistemas de preparo do solo em cultivos anuais intercalados em erva-mate | |
| 650 | _aMate | ||
| 650 | _aAgrossilvicultura | ||
| 650 | _aCultivo Intercalado | ||
| 650 | _aManejo do Solo | ||
| 773 | 0 |
_tBoletim de Pesquisa Florestal (Brazil) _xISSN 1517-6371 _g(Jan-Jun 1999), (no. 38) p. 77-88 _wBR0001668 |
|
| 909 |
_a202311 _bLúcia _c55 _dLúcia Elande |
||
| 942 |
_2AGRIS _n0 _cANA |
||
| 999 |
_c164029 _d164029 |
||